| 000 | 01391nam0a22002411 4500 | ||
|---|---|---|---|
| 001 | rc\4319691 | ||
| 005 | 20260407095858.0 | ||
| 035 | _a(NLR Aleph) 008265647 | ||
| 090 |
_a8424332 _c8424332 |
||
| 100 | _a20130416b1966 |||y0rusy50 ca | ||
| 101 | 0 | _arus | |
| 102 | _aRU | ||
| 105 | _ay d ||||| | ||
| 200 | 1 |
_aРефераты работ, законченных Всесоюзным научно-исследовательским институтом абразивов и шлифования и его Уральским и Волжским филиалами _fМ-во станкостроит. и инструм. пром-сти. Науч.-исслед. ин-т информации по машиностроению (НИИМаш). Всесоюз. науч.-исслед. ин-т абразивов и шлифования (ВНИИАШ) |
|
| 210 |
_aМосква _cБ. и. _d1966 |
||
| 333 | _aОгранич. пользования | ||
| 710 | 0 | 2 |
_aВНИИ абразивов и шлифования _cЛенинград _3RU\NLR\AUTH\889925506 _9346806 |
| 801 | 0 |
_aRU _bNLR _gpsbo |
|
| 801 | 1 |
_aRU _bELAR _2rusmarc |
|
| 830 | _aПеречень имеющихся в библиотеке томов, номеров, годов этого издания смотри в каталоге периодических изданий | ||
| 852 |
_aNLR _jП51/204 |
||
| 942 | _cBOOK | ||
| 980 | _aNB | ||